<?xml version="1.0" encoding="UTF-8"?>
<record
    xmlns:xsi="http://www.w3.org/2001/XMLSchema-instance"
    xsi:schemaLocation="http://www.loc.gov/MARC21/slim http://www.loc.gov/standards/marcxml/schema/MARC21slim.xsd"
    xmlns="http://www.loc.gov/MARC21/slim">

  <leader>01574nam a2200205 a 4500</leader>
  <controlfield tag="001">000047351</controlfield>
  <controlfield tag="005">20201002060509.0</controlfield>
  <controlfield tag="008">180507s2017    dr ac         001 0 spa d</controlfield>
  <datafield tag="040" ind1=" " ind2=" ">
    <subfield code="a">DO-SdBNP</subfield>
    <subfield code="b">spa</subfield>
    <subfield code="c">BNPHU</subfield>
  </datafield>
  <datafield tag="082" ind1=" " ind2=" ">
    <subfield code="a">xxxx</subfield>
    <subfield code="b">M475i</subfield>
  </datafield>
  <datafield tag="100" ind1="1" ind2=" ">
    <subfield code="a">Maza Miquel, Manuel Pablo,</subfield>
    <subfield code="d">1945-</subfield>
    <subfield code="9">10881</subfield>
  </datafield>
  <datafield tag="245" ind1="1" ind2="0">
    <subfield code="a">Introducci&#xF3;n a la historia de la iglesia :</subfield>
    <subfield code="b">edades modernas y contempor&#xE1;nea /</subfield>
    <subfield code="c">Manuel Pablo Maza Miquel ; revisi&#xF3;n Monse&#xF1;or Jos&#xE9; Grull&#xF3;n ; diagramaci&#xF3;n Jes&#xFA;s P&#xE9;rez.</subfield>
  </datafield>
  <datafield tag="260" ind1=" " ind2=" ">
    <subfield code="a">Santo Domingo :</subfield>
    <subfield code="b">Instituto Nacional de Pastoral,</subfield>
    <subfield code="b">Amigo del Hogar,</subfield>
    <subfield code="c">2017.</subfield>
  </datafield>
  <datafield tag="300" ind1=" " ind2=" ">
    <subfield code="a">238 p. :</subfield>
    <subfield code="b">il., retrs. ;</subfield>
    <subfield code="c">22 cm.</subfield>
  </datafield>
  <datafield tag="504" ind1=" " ind2=" ">
    <subfield code="a">Bibliograf&#xED;a : p. 236-238</subfield>
  </datafield>
  <datafield tag="505" ind1="0" ind2=" ">
    <subfield code="a">Introducci&#xF3;n general --</subfield>
    <subfield code="t">La reforma protestante --</subfield>
    <subfield code="t">La revoluci&#xF3;n cient&#xED;fica --</subfield>
    <subfield code="t">La iglesia enfrenta el desaf&#xED;o de la ilustraci&#xF3;n --</subfield>
    <subfield code="t">La iglesia, La revoluci&#xF3;n francesa y Napole&#xF3;n --</subfield>
    <subfield code="t">Tratado de atrasar las manecillas de la historia. La iglesia desde Le&#xF3;n XII (1823-1829) al Pontificado de Pio IX --</subfield>
    <subfield code="t">Pio IX y su &#xE9;poca 1846-1978 --</subfield>
    <subfield code="t">La iglesia ante la cuesti&#xF3;n social. &#xBF;por qu&#xE9; se lleg&#xF3; tarde? --</subfield>
    <subfield code="t">P&#xED;o X y su &#xE9;poca, 1903-1914. Benedicto XV (1914-1922). Mensajero de la paz ante una Europa sorda --</subfield>
    <subfield code="t">P&#xED;o XI (1922-1939): El fin de la cuesti&#xF3;n Romana. Inicia la acci&#xF3;n cat&#xF3;lica y enfrent&#xF3; los totalitarismos --</subfield>
    <subfield code="t">P&#xED;o XII (1939-1958): Cerr&#xF3; algunas puertas y abri&#xF3; muchas --</subfield>
    <subfield code="t">Juan XXIII: El papa que se dio a querer --</subfield>
    <subfield code="t">El concilio vaticano II (1962-1965).</subfield>
  </datafield>
  <datafield tag="590" ind1=" " ind2=" ">
    <subfield code="a">Inventariado, 2020 /LP</subfield>
  </datafield>
  <datafield tag="700" ind1="1" ind2=" ">
    <subfield code="a">Grull&#xF3;n, Jos&#xE9;,</subfield>
    <subfield code="e">rev.</subfield>
    <subfield code="9">75008</subfield>
  </datafield>
  <datafield tag="700" ind1="1" ind2=" ">
    <subfield code="a">P&#xE9;rez, Jes&#xFA;s,</subfield>
    <subfield code="e">diag.</subfield>
    <subfield code="9">75009</subfield>
  </datafield>
  <datafield tag="952" ind1=" " ind2=" ">
    <subfield code="0">0</subfield>
    <subfield code="1">0</subfield>
    <subfield code="5">4</subfield>
    <subfield code="7">0</subfield>
    <subfield code="8">DS</subfield>
    <subfield code="a">GR</subfield>
    <subfield code="b">GR</subfield>
    <subfield code="c">HD</subfield>
    <subfield code="d">2020-03-04</subfield>
    <subfield code="i">LF1</subfield>
    <subfield code="l">0</subfield>
    <subfield code="o">xxxx M475i</subfield>
    <subfield code="p">47351-30</subfield>
    <subfield code="r">2020-06-25</subfield>
    <subfield code="t">e. 3</subfield>
    <subfield code="w">2020-06-25</subfield>
    <subfield code="y">LFDS</subfield>
    <subfield code="Z">Pr&#xE9;stamo en sala</subfield>
  </datafield>
  <datafield tag="952" ind1=" " ind2=" ">
    <subfield code="0">0</subfield>
    <subfield code="1">0</subfield>
    <subfield code="5">4</subfield>
    <subfield code="7">0</subfield>
    <subfield code="8">DS</subfield>
    <subfield code="a">GR</subfield>
    <subfield code="b">GR</subfield>
    <subfield code="c">HD</subfield>
    <subfield code="d">2020-03-04</subfield>
    <subfield code="i">LF1</subfield>
    <subfield code="l">0</subfield>
    <subfield code="o">xxxx M475i</subfield>
    <subfield code="p">47351-40</subfield>
    <subfield code="r">2020-06-25</subfield>
    <subfield code="t">e. 4</subfield>
    <subfield code="w">2020-06-25</subfield>
    <subfield code="y">LFDS</subfield>
    <subfield code="Z">Pr&#xE9;stamo en sala</subfield>
  </datafield>
  <datafield tag="952" ind1=" " ind2=" ">
    <subfield code="0">0</subfield>
    <subfield code="1">0</subfield>
    <subfield code="7">1</subfield>
    <subfield code="8">PD</subfield>
    <subfield code="a">PD</subfield>
    <subfield code="b">PD</subfield>
    <subfield code="c">HD</subfield>
    <subfield code="d">2018-05-07</subfield>
    <subfield code="i">LF1</subfield>
    <subfield code="l">0</subfield>
    <subfield code="o">xxxx M475i</subfield>
    <subfield code="p">47351-10</subfield>
    <subfield code="r">2020-06-25</subfield>
    <subfield code="w">2020-06-25</subfield>
    <subfield code="y">LFPD</subfield>
    <subfield code="Z">No se presta</subfield>
  </datafield>
  <datafield tag="952" ind1=" " ind2=" ">
    <subfield code="0">0</subfield>
    <subfield code="1">0</subfield>
    <subfield code="7">1</subfield>
    <subfield code="8">PD</subfield>
    <subfield code="a">PD</subfield>
    <subfield code="b">PD</subfield>
    <subfield code="c">HD</subfield>
    <subfield code="d">2020-03-04</subfield>
    <subfield code="i">LF1</subfield>
    <subfield code="l">0</subfield>
    <subfield code="o">xxxx M475i</subfield>
    <subfield code="p">47351-20</subfield>
    <subfield code="r">2020-06-25</subfield>
    <subfield code="t">e. 2</subfield>
    <subfield code="w">2020-06-25</subfield>
    <subfield code="y">LFPD</subfield>
    <subfield code="Z">No se presta</subfield>
  </datafield>
  <datafield tag="952" ind1=" " ind2=" ">
    <subfield code="0">0</subfield>
    <subfield code="1">0</subfield>
    <subfield code="5">0</subfield>
    <subfield code="7">1</subfield>
    <subfield code="8">RV</subfield>
    <subfield code="a">PD</subfield>
    <subfield code="b">PD</subfield>
    <subfield code="c">HD</subfield>
    <subfield code="d">2018-05-08</subfield>
    <subfield code="i">LF1</subfield>
    <subfield code="l">0</subfield>
    <subfield code="o">xxxx M475i</subfield>
    <subfield code="p">47352-10</subfield>
    <subfield code="r">2020-06-25</subfield>
    <subfield code="w">2020-06-25</subfield>
    <subfield code="y">1</subfield>
    <subfield code="z">Perteneci&#xF3; a la biblioteca personal de Barbara Suncar.</subfield>
    <subfield code="Z">No se presta</subfield>
  </datafield>
  <datafield tag="999" ind1=" " ind2=" ">
    <subfield code="c">46839</subfield>
    <subfield code="d">46839</subfield>
  </datafield>
</record>
